Central Library OPAC University of Rajshahi

A history of Europe, from 911 to 1198 / (Record no. 24466)

MARC details
000 -LEADER
fixed length control field 00788cam a2200265u 4500
001 - CONTROL NUMBER
control field 24466
003 - CONTROL NUMBER IDENTIFIER
rucl marc code BD-RjUL
005 - DATE AND TIME OF LATEST TRANSACTION
control field 20211209001044.0
008 - FIXED-LENGTH DATA ELEMENTS--GENERAL INFORMATION
fixed length control field 140313s1969 enkbj 001 0 eng d
035 ## - SYSTEM CONTROL NUMBER
System control number (BD-RjUL)24533
040 ## - CATALOGING SOURCE
Original cataloging agency DLC
Transcribing agency CarP
Modifying agency BD-RjUL
Language of cataloging eng
041 ## - LANGUAGE CODE
Language code of text/sound track or separate title eng
082 ## - DEWEY DECIMAL CLASSIFICATION NUMBER
Classification number 940.1
Author mark and year BRH 1969
100 1# - MAIN ENTRY--PERSONAL NAME
Personal name Brooke, Z. N.
Fuller form of name (Zachary Nugent),
Dates associated with a name 1883-1946.
9 (RLIN) 5369
245 12 - TITLE STATEMENT
Title A history of Europe, from 911 to 1198 /
250 ## - EDITION STATEMENT
Edition statement 3 ed.
260 ## - PUBLICATION, DISTRIBUTION, ETC. (IMPRINT)
Place of publication, distribution, etc. London :
Name of publisher, distributor, etc. Methuen & co., ltd.,
Date of publication, distribution, etc. 1938 [Reprinted 1969]
300 ## - PHYSICAL DESCRIPTION
Pagination xx, 533, [1] p. :
Illustrations incl. geneal. tables. fold. map. ;
Size 23 cm.
500 ## - GENERAL NOTE
General note Includes index.
650 ## - SUBJECT ADDED ENTRY--TOPICAL TERM
Topical term or geographic name as entry element Europe
9 (RLIN) 75318
651 #0 - SUBJECT ADDED ENTRY--GEOGRAPHIC NAME
Geographic name Europe
General subdivision History
Chronological subdivision 476-1492.
9 (RLIN) 74533
942 ## - ADDED ENTRY ELEMENTS (KOHA)
Source of classification or shelving scheme Dewey Decimal Classification
Koha item type Books
Holdings
Lost status Source of classification or shelving scheme Damaged status Not for loan Collection code Permanent Location Current Location Shelving location Date acquired Source of acquisition Cost, normal purchase price Total Checkouts Full call number Date last seen Copy number Koha item type
  Dewey Decimal Classification     Non-fiction Central Library, University of Rajshahi Central Library, University of Rajshahi   20/04/1974 Euro, B.D. News Agency 84.70   940.1 BRH 1969 13/03/2014 C-2 Books
  Dewey Decimal Classification   Added to bundle Non-fiction Central Library, University of Rajshahi Central Library, University of Rajshahi Reading Room 16/12/1957 Pak American Council 22.80   940.1 BRH 1956 15/03/2014 C-1 Books